Red thread sisters / (Record no. 693)

MARC details
000 -LEADER
fixed length control field 01039nam a22003137a 4500
005 - DATE AND TIME OF LATEST TRANSACTION
control field 20241017095304.0
020 ## - INTERNATIONAL STANDARD BOOK NUMBER
International Standard Book Number 9780545626224
040 ## - CATALOGING SOURCE
Original cataloging agency DLC
Transcribing agency DLC
Modifying agency DLC
Language of cataloging eng
050 00 - LIBRARY OF CONGRESS CALL NUMBER
Classification number PZ7.P3117
Item number Re 2012
082 00 - DEWEY DECIMAL CLASSIFICATION NUMBER
Classification number [Fic]
Edition number 23
100 1# - MAIN ENTRY--PERSONAL NAME
Personal name Peacock, Carol Antoinette.
245 10 - TITLE STATEMENT
Title Red thread sisters /
Statement of responsibility, etc. Carol Antoinette Peacock.
250 ## - EDITION STATEMENT
Edition statement First Scholastic printing, September 2013
260 ## - PUBLICATION, DISTRIBUTION, ETC.
Place of publication, distribution, etc. New York :
Name of publisher, distributor, etc. Scholastic.
Date of publication, distribution, etc. 2013.
300 ## - PHYSICAL DESCRIPTION
Extent 236 pages ;
Dimensions 20 cm.
505 ## - FORMATTED CONTENTS NOTE
Formatted contents note M <br/>
520 ## - SUMMARY, ETC.
Summary, etc. After an American family adopts eleven-year-old Wen from a Chinese orphanage, she vows to find a family for her best friend, too.
521 ## - TARGET AUDIENCE NOTE
Target audience note 700 <br/>
Source Lexile <br/>
521 ## - TARGET AUDIENCE NOTE
Target audience note M <br/>
Source Raz-Plus <br/>
650 #1 - SUBJECT ADDED ENTRY--TOPICAL TERM
Topical term or geographic name entry element Interracial adoption
Form subdivision Fiction.
650 #1 - SUBJECT ADDED ENTRY--TOPICAL TERM
Topical term or geographic name entry element Intercountry adoption
Form subdivision Fiction.
650 #1 - SUBJECT ADDED ENTRY--TOPICAL TERM
Topical term or geographic name entry element Adoption
Form subdivision Fiction.
650 #1 - SUBJECT ADDED ENTRY--TOPICAL TERM
Topical term or geographic name entry element Chinese Americans
Form subdivision Fiction.
650 #1 - SUBJECT ADDED ENTRY--TOPICAL TERM
Topical term or geographic name entry element Family life
Form subdivision Fiction.
650 #1 - SUBJECT ADDED ENTRY--TOPICAL TERM
Topical term or geographic name entry element Friendship
Form subdivision Fiction.
906 ## - LOCAL DATA ELEMENT F, LDF (RLIN)
a 7
b cbc
c orignew
d 1
e ecip
f 20
g y-gencatlg
942 ## - ADDED ENTRY ELEMENTS (KOHA)
Source of classification or shelving scheme Dewey Decimal Classification
Koha item type Books
Suppress in OPAC No
999 ## -
-- 693
-- 693
Holdings
Withdrawn status Lost status Source of classification or shelving scheme Damaged status Not for loan Collection Home library Current library Shelving location Date acquired Total Checkouts Full call number Barcode Date last seen Price effective from Koha item type Copy number
    Dewey Decimal Classification     Juvenile Fiction Footprints International School Library Network Toul Kork Campus Footprints International School Library Network Toul Kork Campus TK Primary Library Room(4th Floor), Bookcase 5&6, Shelves 33-56, Orange Books 06/30/2023   PEA 548 PZ7.P3117 FISTK04853 06/30/2023 06/30/2023 Books  
    Dewey Decimal Classification     Juvenile Fiction Footprints International School Library Network Toul Kork Campus Footprints International School Library Network Toul Kork Campus TTP Secondary Fiction Bookshelves 09/13/2024   PEA 548 PZ7.P3117 2024-1952 09/13/2024 09/13/2024 Books 2